Traité de la guerre en générale... et des régles sur les operations militaires / (Record no. 146159)
[ view plain ]
| 000 -LEADER | |
|---|---|
| campo de control de longitud fija | 00461nam a2200145 i 4500 |
| 001 - NÚMERO DE CONTROL | |
| campo de control | 146159 |
| 003 - IDENTIFICADOR DE NÚMERO DE CONTROL | |
| campo de control | ES-MaACL |
| 005 - FECHA Y HORA DE LA ÚLTIMA TRANSACCIÓN | |
| campo de control | 20230906201432.0 |
| 007 - CAMPO FIJO DE DESCRIPCIÓN FÍSICA--INFORMACIÓN GENERAL | |
| campo de control de longitud fija | t| |
| 008 - DATOS DE LONGITUD FIJA--INFORMACIÓN GENERAL | |
| campo de control de longitud fija | 070904s1917 fr ||||1| fre d |
| 245 00 - MENCIÓN DEL TÍTULO | |
| Título | Traité de la guerre en générale... et des régles sur les operations militaires / |
| Mención de responsabilidad, etc. | por un officier de Distinction. |
| 260 ## - PUBLICACIÓN, DISTRIBUCIÓN, ETC. | |
| Lugar de publicación, distribución, etc. | Paris : |
| Nombre del editor, distribuidor, etc. | [s.n.], |
| Fecha de publicación, distribución, etc. | 1917 ( |
| Fabricante | Imp. Bussière) |
| 300 ## - DESCRIPCIÓN FÍSICA | |
| Extensión | XX, 207 p. ; |
| Dimensiones | 17 cm. |
| 852 ## - LOCALIZACIÓN | |
| Ubicación | ES-MaACL |
| Número de control de estantería | F-13430 |
| Estatus retirado | Estado de pérdida | Estado de daño | No para préstamo | Biblioteca de origen | Biblioteca actual | Ubicación en estantería | Fecha de adquisición | Fuente de adquisición | Total de préstamos | Signatura topográfica completa | Código de barras | Visto por última vez | Precio de reemplazo | Tipo de ítem Koha |
|---|---|---|---|---|---|---|---|---|---|---|---|---|---|---|
| Biblioteca del Ateneo de Madrid | Biblioteca del Ateneo de Madrid | Sala Pecera Planta 2 | 17/01/2008 | F-13430 | 1152554 | 23/02/2023 | 23/02/2023 | Libro impreso |
